01114cam a2200289 i 45000010005000000030006000050050017000110080041000280100017000690200031000860200018001170400032001350500017001670820010001841000026001942450070002202500041002902600035003313000046003665050007004125200278004195210018006975210018007156500028007336500035007617000028007965948FISKH20250210162023.0140425s2015 nyua c 000 1 eng c a 2014012529 a9780545538121 (alk. paper) a9780545538138 aNJQ/DLCbengcNJQerdadDLC aPZ7.B78065 L a813.61 aBritt, Paigee(1978-)14aThe lost track of time /cby Paige Britt ; drawings by Lee White. aThis edition first published in 2016 aNew York :bScholastic,c2015. a306 pages :bcolor illustrations ;c23 cm aR  aPenelope is an imaginative girl, whose every day has been rigidly scheduled by her mother--until one day she falls through a hole in her calendar and lands in the Realm of Possibility, where she discovers that it, too, is stuck in a track of time, and only she can save it.8 a680 bLexile 8 aR bRaz-Plus  0aTimevJuvenile fiction. 0aImaginationvJuvenile fiction.1 aWhite, Leedillustrator